Suurin D:llä alkava kaupunki - Statistics

Yleistilastot
  • Tätä visaa on pelattu 159 kertaa
  • Keskiarvotulos 13 / 21
Vastaustilastot
Maa D-kaupunki % Oikein
Irlanti Dublin
93%
Syyria Damaskos
88%
Bangladesh Dhaka
86%
Djibouti Djibouti
84%
Senegal Dakar
79%
Yhdysvallat Dallas
79%
Saksa Düsseldorf
78%
Tansania Dar es Salaam
76%
Intia Delhi
73%
Ukraina Donetsk
73%
Ranska Dijon
67%
Australia Darwin
62%
Etelä-Afrikka Durban
60%
Etelä-Korea Daegu
51%
Unkari Debrecen
51%
Kamerun Douala
50%
Kiina Dalian
47%
Vietnam Da Nang
41%
Uusi-Seelanti Dunedin
27%
Etiopia Dire Dawa
19%
Brasilia Duque de Caxias
13%
Ehtoja vastaavia visoja ei löytynyt
Tulosjakauma
Jokaisen tuloksen saaneiden osuus
Persentiili vastausten määrän mukaan
Tuloshistoriasi
Et ole pelannut tätä visaa